Natural pesticides from the neem tree (azadirachta indica A. Juss) and other tropical plants

Bibliographic Details
Corporate Author: INTERNATIONAL Neem Conference
Other Authors: Ascher, Schmutterer
Format: Book
Published: Eschborn, Rep. of Germany : Deutsche Gesellschaft fur Tech. Zusammenarbeit , 1987
Subjects:

MARC

LEADER 00000cam a2200000 7i4500
001 0000002343
005 20030529.0
020 0 0 |a 388085372X 
090 0 0 |a 583.77   |b INT 1987 
110 1 0 |a INTERNATIONAL Neem Conference   |i 3rd   |k 1986   |j Nairobi, Kenya 
245 1 0 |a Natural pesticides from the neem tree (azadirachta indica A. Juss) and other tropical plants   |c H. Schmutterer, K. R. S. Ascher 
260 0 0 |a Eschborn, Rep. of Germany :   |b Deutsche Gesellschaft fur Tech. Zusammenarbeit ,   |c 1987 
300 |a 703 p. :   |b ill. ;   |c 21 cm. 
500 0 0 |a Includes bibliographical references and index 
650 0 0 |a Neem products   |x Congresses 
650 0 0 |a Neem   |x Congresses 
700 0 1 |a Ascher   |h K. R. S. 
700 0 1 |a Schmutterer   |h H. 
998 |a JPSM 
999 |a 0000004149   |b Monograph   |c Open Shelf   |e Default branch